Countries with the most Top 10s in EU FNCS - Statistics

General Stats
  • This quiz has been taken 6 times
  • The average score is 27 of 30
Answer Stats
Top 10 Country % Correct
20x Austria ๐Ÿ‡ฆ๐Ÿ‡น
100%
1x Belgium ๐Ÿ‡ง๐Ÿ‡ช
100%
2x Croatia ๐Ÿ‡ญ๐Ÿ‡ท
100%
87x Denmark ๐Ÿ‡ฉ๐Ÿ‡ฐ
100%
45x France ๐Ÿ‡ซ๐Ÿ‡ท
100%
63x Germany ๐Ÿ‡ฉ๐Ÿ‡ช
100%
1x Italy ๐Ÿ‡ฎ๐Ÿ‡น
100%
11x Latvia ๐Ÿ‡ฑ๐Ÿ‡ป
100%
13x Netherlands ๐Ÿ‡ณ๐Ÿ‡ฑ
100%
17x Norway ๐Ÿ‡ณ๐Ÿ‡ด
100%
70x Poland ๐Ÿ‡ต๐Ÿ‡ฑ
100%
3x Portugal ๐Ÿ‡ต๐Ÿ‡น
100%
45x Russia ๐Ÿ‡ท๐Ÿ‡บ
100%
22x Serbia ๐Ÿ‡ท๐Ÿ‡ธ
100%
25x Slovenia ๐Ÿ‡ธ๐Ÿ‡ฎ
100%
6x Spain ๐Ÿ‡ช๐Ÿ‡ธ
100%
35x Sweden ๐Ÿ‡ธ๐Ÿ‡ช
100%
9x Switzerland ๐Ÿ‡จ๐Ÿ‡ญ
100%
15x Ukraine ๐Ÿ‡บ๐Ÿ‡ฆ
100%
67x United Kingdom ๐Ÿ‡ฌ๐Ÿ‡ง
100%
1x Belarus ๐Ÿ‡ง๐Ÿ‡พ
83%
5x Estonia ๐Ÿ‡ช๐Ÿ‡ช
83%
6x Finland ๐Ÿ‡ซ๐Ÿ‡ฎ
83%
1x Lithuania ๐Ÿ‡ฑ๐Ÿ‡น
83%
3x Romania ๐Ÿ‡ท๐Ÿ‡ด
83%
1x Tรผrkiye ๐Ÿ‡น๐Ÿ‡ท
67%
7x Bosnia and Herzegovina ๐Ÿ‡ง๐Ÿ‡ฆ
50%
1x Iceland ๐Ÿ‡ฎ๐Ÿ‡ธ
50%
3x Israel ๐Ÿ‡ฎ๐Ÿ‡ฑ
50%
2x North Macedonia ๐Ÿ‡ฒ๐Ÿ‡ฐ
50%
No matching quizzes found
Score Distribution
Percent of People with Each Score
Percentile by Number Answered
Your Score History
You have not taken this quiz